| 000 | 00703nam a2200265Ia 4500 | ||
|---|---|---|---|
| 003 | OSt | ||
| 005 | 20220928113024.0 | ||
| 006 | a|||||r|||| 00| 0 | ||
| 007 | ta | ||
| 008 | 220927b |||||||| |||| 00| 0 eng d | ||
| 020 | _cINR 725.00 | ||
| 024 | _a132891 | ||
| 037 |
_b128, 14/03/2017, Aviva Books Company _cTextual |
||
| 040 |
_aSDCL _cSDCL _beng |
||
| 041 |
_2eng _aeng |
||
| 082 | _aX:8D, Q4 | ||
| 100 |
_aKhan M. Y. _9416858 |
||
| 245 | 0 | _aFinancial management | |
| 250 | _a7th | ||
| 260 | _c2014 | ||
| 300 |
_av-36.45p _ccm. |
||
| 650 | _aOperational Research | ||
| 942 |
_hX:8D, Q4 _cTEXL _2CC |
||
| 999 |
_c747692 _d747692 |
||